Undertale - All songs with the His Theme Motif - Statistics

General Stats
  • This quiz has been taken 7 times
  • The average score is 3 of 5
Answer Stats
Answer % Correct
Memory
100%
Finale
83%
His Theme
83%
Undertale
50%
The Choice
17%
No matching quizzes found
Score Distribution
Percent of People with Each Score
Percentile by Number Answered
Your Score History
You have not taken this quiz